Coupe du Monde 1930 - Un Joueur par équipe - Statistiques

Statistiques générales
  • Ce quiz a été pris 35 fois
  • Le résultat moyen est 5 sur 13
Statistiques - réponses
Hint Réponse % Correct
Preguinho Brésil
88%
Lucien Laurent France
88%
Constantin Stanciu Roumanie
84%
Jan Didens Belgique
60%
Yvan Beck Yougoslavie
36%
Guillermo Stabile Argentine
24%
Guillermo Subiabre Chili
24%
Manuel Rosas Mexique
24%
Pedro Cea Uruguay
24%
Rafael Méndez Bolivie
20%
Bertrand Patenaude Etats-Unis
16%
Luis Souza Ferreira Pérou
16%
Luis Vargas Peña Paraguay
12%
Aucun quiz correspondant
Distribution des résultats
% des personnes avec chaque résultat
Percentile par nombre de réponses
Votre historique - résultats
Vous n’avez pas pris ce quiz